The take-up of GIS in local government (Record no. 34121)

MARC details
000 -LEADER
fixed length control field 01066cab a2200205 4500
001 - CONTROL NUMBER
control field ABS45907
008 - FIXED-LENGTH DATA ELEMENTS--GENERAL INFORMATION
fixed length control field 090401t1992 xxu||||| |||| 00| 0 eng d
035 ## - SYSTEM CONTROL NUMBER
System control number (Sirsi) u55821
041 ## - LANGUAGE CODE
Language code of text/sound track or separate title eng
100 ## - MAIN ENTRY--PERSONAL NAME
Personal name Campbell, H.
245 #4 - TITLE STATEMENT
Title The take-up of GIS in local government
260 ## - PUBLICATION, DISTRIBUTION, ETC.
Date of publication, distribution, etc. 1992
350 ## - PRICE (NR) (BK AM CF MU VM SE) [OBSOLETE]
Price 0
490 ## - SERIES STATEMENT
Series statement BURISA
Volume/sequential designation (102) February 1992, 11-14(3)
520 ## - SUMMARY, ETC.
Summary, etc. The first of two articles reviewing findings of a comprehensive survey into the implementation of geographical information systems (GIS) by local authorities. The research, funded by the Economic and Social Research Council (ESRC) and the Natural Environment Research Council (NERC), looked the extent of interest in GIS in local government, constraints affecting its adoption, the process by which authorities are adopting GIS and the time scale involved, the type of authorities who are investing in GIS and the influence of the North-South divide.
690 ## - LOCAL SUBJECT ADDED ENTRY--TOPICAL TERM (OCLC, RLIN)
Topical term or geographic name as entry element MANAGEMENT-BUSINESS MANAGEMENT-INFORMATION MANAGEMENT
700 ## - ADDED ENTRY--PERSONAL NAME
Personal name Masser, I.
942 ## - ADDED ENTRY ELEMENTS (KOHA)
Suppress in OPAC 0
948 ## - LOCAL PROCESSING INFORMATION (OCLC); SERIES PART DESIGNATOR (RLIN)
c (OCLC) 04/03/1997
Holdings
Withdrawn status Lost status Source of classification or shelving scheme Damaged status Not for loan Home library Current library Shelving location Date acquired Total Checkouts Full call number Barcode Date last seen Copy number Price effective from Koha item type
    Dewey Decimal Classification     London London Journal article 14/09/1999   ABS45907 55821-1001 06/08/2019 1 06/08/2019 Journal article